Flags of the Countries and Territories of the British Isles - Statistics

General Stats
  • This quiz has been taken 1,014 times
  • The average score is 8 of 9
Answer Stats
Picture Answer % Correct
United Kingdom
100%
Wales
100%
Ireland
99%
Scotland
99%
England
98%
Isle of Man
94%
Northern Ireland
88%
Jersey
85%
Guernsey
83%
No matching quizzes found
Score Distribution
Percent of People with Each Score
Percentile by Number Answered
Your Score History
You have not taken this quiz